000 00350nam a2200145 i 4500
001 bg
100 1 _aRĄCZKA, J.
245 0 _aTechnologia odlewnictwa :
_bprojektowanie /
_cJ. Rączka, A. Tabor.
260 _aKraków,
_c1982.
700 1 _aTABOR, A.
040 _cBPK
041 _apol
942 _cKS
008 s pl f |000 0 pol
999 _c21214
_d21214
856 _uhttp://koha.tu.koszalin.pl/cgi-bin/koha/opac-detail.pl?biblionumber=21214
_yKatalog online BPK